Soils for the archaeologist
Gorde:
| Egile nagusia: | |
|---|---|
| Formatua: | Liburua |
| Hizkuntza: | gaztelania |
| Argitaratua: |
Londres
Phoenix House
1958
|
| Gaiak: | |
| Etiketak: |
Etiketa erantsi
Etiketarik gabe, Izan zaitez lehena erregistro honi etiketa jartzen!
|
MARC
| LEADER | 00000nam a2200000 a 4500 | ||
|---|---|---|---|
| 001 | UCP7879 | ||
| 003 | CL-VaPUC | ||
| 008 | 000106e19580000UK |||||||||||||||||spa|d | ||
| 082 | 0 | 4 | |a 930.1028 |b COR |2 21 |
| 100 | 0 | |a Cornwall, I. W |e author |9 437559 | |
| 245 | 1 | 0 | |a Soils for the archaeologist |
| 300 | |a 230 p | ||
| 942 | |c BK | ||
| 945 | |d 20000106 00:00:00 |a rherrera | ||
| 260 | |a Londres |b Phoenix House |c 1958 | ||
| 650 | 0 | |a Arqueología prehistórica |9 437528 | |
| 650 | 7 | |a EDAD NEOLITICA |2 CL-VaPUC |9 433938 | |
| 650 | 7 | |a TECNICAS DE INVESTIGACIONES |2 CL-VaPUC |9 437561 | |
| 650 | 0 | |a Interpretación de datos |9 411621 | |
| 583 | |a last modification |c 20000106 00:00:00 |k Rodrigo Vera | ||
| 999 | |c 284917 |d 284915 | ||
| 952 | |0 0 |1 0 |4 0 |6 930_102800000000000_COR_1958 |7 0 |8 A |9 329225 |a BIBHIS |b BIBHIS |d 2019-11-20 |i 1377868 |o 930.1028 COR 1958 |p 1377868 |r 2023-01-25 |w 2019-11-20 |y BK |k HIS | ||